000 00577cam a22002057a 4500
001 001445
003 armpunfd
005 20140612090640.0
008 040225e0####xx#a##########000#0#und#d
040 _aarmpunfd
_carmpunfd
080 _a347.53 C 148
100 1 0 _a Cammarota, Antonio
245 1 0 _aResponsabilidad extracontractual
260 _a Buenos Aires : Depalma
_b1947. 879 P.
650 7 _a Contratos
_2LEMB
650 7 _a Responsabilidad Civil
_2LEMB
650 7 _a Responsabilidad Extracontractual
_2LEMB
942 _cLB
_2cdu
945 _aCatalis
_d2010-08-19
999 _c1436
_d231940